header

Houston lost and unbuilt (Record no. 215362)

MARC details
000 -LEADER
fixed length control field 01352nam a2200337Ia 4500
100 1# - MAIN ENTRY--AUTHOR NAME
Personal name Strom, Steven.
245 10 - TITLE STATEMENT
Title Houston lost and unbuilt
250 ## - EDITION STATEMENT
Edition statement 1st ed.
260 ## - PUBLICATION, DISTRIBUTION, ETC. (IMPRINT)
Place of publication Austin :
Name of publisher University of Texas Press,
Year of publication 2010.
300 ## - PHYSICAL DESCRIPTION
Number of Pages x, 188 p. :
Other physical details ill.
490 1# - SERIES STATEMENT
Series statement Roger Fullington series in architecture
650 #0 - SUBJECT ADDED ENTRY--TOPICAL TERM
Topical Term Lost architecture
Topical Term Unbuilt architectural projects
856 40 - ELECTRONIC LOCATION AND ACCESS
Uniform Resource Identifier http://site.ebrary.com/lib/rucke/Doc?id=10364070

No items available.

© 2026 Rongo University
Contact us: librarian | system librarian | Rongo university